Donald Tusk czy Jan Vogt? - Statystyki

Ogólne statystyki
  • Ten quiz został rozwiązany 19 razy
  • Średni wynik to 6 z 8
Statystyki odpowiedzi
Zagadnienie Odpowiedź % Poprawnych
Urodził się i wykształcił na terenach dzisiejszej Ukrainy Jan Vogt
100%
Posługiwał się pseudonimem "KER" Jan Vogt
93%
Został odznaczony medalem 10-lecia Polski ludowej Jan Vogt
86%
Należał do założycieli Kongresu Liberalno-Demokratycznego Donald Tusk
79%
Kandydował na urząd Prezydenta RP Donald Tusk
79%
Był posłem na Sejm III RP oraz senatorem Donald Tusk
71%
Działał w Polskiej Zjednoczonej Partii Robotniczej Jan Vogt
71%
Utrzymywał się z pracy fizycznej w spółdzielni "Świetlik" Donald Tusk
64%
Nie znaleziono quizów pasujących do podanych kryteriów
Rozkład punktacji
Procent ludzi z każdym wynikiem
Percentyl według liczby udzielonych odpowiedzi
Twoja historia wyników
Nie rozwiązałeś tego quizu